000 00746cam a22002415a 4500
001 L150812
002 17747
008 100907s2008 xxk f 000 0 eng d
020 _a9781901171334
035 _a(Sirsi) u150812
041 0 _aeng
050 0 4 _a692.8 ASS
110 2 _aAssociation of Consultant Architects
_91156
245 0 0 _aPPC2000 (amended 2008)
_bACA standard form of contract for project partnering
260 _aBromley
_bACA
_c2008
300 _ax, 58p.
_c30cm.
520 _aA standard form project partnering contract which can be applied to any partnered project.
590 _aKA
651 4 _aEngland and Wales
_y1543-
690 _aBUILT ENVIRONMENT-BUILDING CONTRACT FORMS
700 1 _aMosey, David
942 _n0
999 _c110987
_d110987